Genetics : (Record no. 7651)

MARC details
000 -LEADER
fixed length control field 00512nam a22001937a 4500
001 - CONTROL NUMBER
control field BD-DhSAU 7651
003 - CONTROL NUMBER IDENTIFIER
control field BD-DhSAU
005 - DATE AND TIME OF LATEST TRANSACTION
control field 20150527150620.0
008 - FIXED-LENGTH DATA ELEMENTS--GENERAL INFORMATION
fixed length control field 150527b1964 -usa||||r|||| 000 0 eng d
040 ## - CATALOGING SOURCE
Original cataloging agency BD-DhSAU
082 ## - DEWEY DECIMAL CLASSIFICATION NUMBER
Edition number 22
Classification number 575.1
Item number GAG
100 ## - MAIN ENTRY--PERSONAL NAME
Personal name Gardner, Eldon J.
245 ## - TITLE STATEMENT
Title Genetics :
Remainder of title laboratory exercises /
Statement of responsibility, etc. by Eldon J. Gardner.
260 ## - PUBLICATION, DISTRIBUTION, ETC. (IMPRINT)
Place of publication, distribution, etc. America :
Name of publisher, distributor, etc. Burgess Publ. Co.,
Date of publication, distribution, etc. c1964.
300 ## - PHYSICAL DESCRIPTION
Extent 77 p. :
Other physical details ill. ;
Dimensions 29 cm.
590 ## - Name of Cataloguer
Name of Cataloger joy
650 ## - SUBJECT ADDED ENTRY--TOPICAL TERM
Topical term or geographic name as entry element Gentetics.
942 ## - ADDED ENTRY ELEMENTS (KOHA)
Source of classification or shelving scheme Dewey Decimal Classification
Koha item type Book
Holdings
Withdrawn status Lost status Source of classification or shelving scheme Damaged status Not for loan Collection code Home library Branch Name Shelving location Date acquired Total Checkouts Full call number Barcode Date last seen Price effective from Koha item type
    Dewey Decimal Classification   Not For Loan Reference SAU Library SAU Library Reference 27/05/2015   575.1 GAG 404 27/05/2015 27/05/2015 Book